000 00681nam a22002057a 4500
003 OSt
005 20260630100801.0
008 260630b |||||||| |||| 00| 0 eng d
020 _a9780325008639
040 _cChuka University Library
050 _aLB 1576
_b.C35 2006 4
100 _aCalkins, Lucy
_927666
245 _aLaunching The Writing Workshop
260 _aNew Hampshire
_bFirsthand Heinemann
_c2006
300 _a184p
_bIllustrations
650 _aEnglish language Composition an exercises Study and teaching (Primary) United States
_931973
650 _aCurriculum Planning United States
_926921
700 _aMarjorie Martinelli(Author)
_931974
942 _2lcc
_cBK
_n0
999 _c25580
_d25580